| 000 | 00354nam a2200157 4500 | ||
|---|---|---|---|
| 008 | 190521s2007||||xo d | ||
| 100 | 1 |
_aSinelnikov Valeriy _91124 |
|
| 245 | 1 | 0 | _aSila zámeru |
| 260 |
_bEugenika _aBA _c2007 |
||
| 250 | _a1.vydanie | ||
| 300 | _a125s. | ||
| 020 |
_c0 _a8089227631 |
||
| 041 | 1 | _aslo | |
| 044 |
_axo _cSK |
||
| 958 | _aAUL | ||
| 999 |
_c22420 _d22420 |
||